1881 1738 1204 1855 1783 1687 1583 1743 1418 1463 1242 1588 1764 1658 1309 1871 1695 1830 1581 1007 1768 1072 1540 1702 1768 1609 1287 1894 1039 1702 1840 1539 1181 1433 1052 1126 1133 1172 1014 1632 1038 1792 1437 1377 1238 1825 1651 1612 1732 1595 1485 1606 1921 1292 1652 1718 1164 1016 1195 1077 1472 1512 1266 1956 1168 1784 1271 1272 1167 1127 1488 1510 1354 1253 1920 1984 1233 1515 1618 1498 1020 1440 1670 1484 1276 1657 1456 1416 1694 1359 1000 1006 1838 1734 1993 1243 1512 1306 1394 BCNSPRNW ULIB Ver.6.0+V

เปลี่ยนเป็นภาษาไทย

Change to English
 แสดงรายละเอียดบรรณานุกรม
  กลับหน้าหลัก

Brief Record : Get Marc (ISO 2709) : E-mail record : QR code < ปิดหน้าต่าง
LEADER : 00000nam 2200000uu 4500
001    13399111444
003     ULIB
008    110627s||||||||th 000 0 tha d
020    9789741091294
090    นว.^bณ429ป 2553
100 0  ณารา
245 00 ปลาไหลป้ายแดง/^cณารา
250    พิมพ์ครั้งที่ 3
260    นนทบุรี :^bพิมพ์คำ,^c2553
300    342 หน้า
945    ^p220^l0^i030176
995    ทศพร
999 ^a ใช้งานได้ทุกระบบ
รายการนี้ยังไม่มีแท็ก
คุณยังไม่ได้ล็อกอิน คุณสามารถมีกิจกรรมร่วมกับเว็บไซต์ได้ แต่ต้องล็อกอินก่อน ::
  ล็อกอิน

รายการสื่อสารสนเทศ

ลำดับที่ ประเภท เลขเรียก/บาร์โค้ด สถานที่ สถานะ
- ไม่พบข้อมูล -

รายการใกล้เคียง
    ผู้แต่ง [ณารา]

BibComment


ยังไม่เคยถูกคอมเมนท์

คอมเมนท์ทรัพยากรรายการนี้
  คอมเมนท์: ปลาไหลป้ายแดง ณารา


 Copyright 2026. Bcnsprnw @Library